banner koha

Nondestructive method for estimating the leaf area of sapodilla from linear leaf dimensions (Registro n. 332094)

MARC details
000 -LÍDER
fixed length control field 04080nab a2200361 i 4500
003 - CÓDIGO MARC DA AGÊNCIA CATALOGADORA
Campo de controle BR-BrBNA
005 - DATA E HORA DA ÚLTIMA ATUALIZAÇÃO
Campo de controle 20250616191214.0
008 - CAMPO DE TAMANHO FIXO
fixed length control field 250616b2023 bl.mr|pooa||| 00| 0 eng |
040 ## - FONTE DA CATALOGAÇÃO
Agência catalogadora BR-BrBNA
Idioma da catalogação eng
072 ## - CATEGORIA AGRIS
Código AGRIS F50
Código do objeto 1190
072 ## - CATEGORIA AGRIS
Código AGRIS F61
100 ## - ENTRADA PRINCIPAL - NOME PESSOAL
Nome pessoal Ribeiro, João E. da S.
100 ## - ENTRADA PRINCIPAL - NOME PESSOAL
Nome pessoal Coêlho, Ester dos S.
100 ## - ENTRADA PRINCIPAL - NOME PESSOAL
Nome pessoal Pessoa, Ângela M. dos S.
100 ## - ENTRADA PRINCIPAL - NOME PESSOAL
Nome pessoal Oliveira, Anna K. S. de
100 ## - ENTRADA PRINCIPAL - NOME PESSOAL
Nome pessoal Oliveira, Agda M. F. de
100 ## - ENTRADA PRINCIPAL - NOME PESSOAL
Nome pessoal Barros Júnior, Aurélio P.
100 ## - ENTRADA PRINCIPAL - NOME PESSOAL
Nome pessoal Mendonça, Vander
100 ## - ENTRADA PRINCIPAL - NOME PESSOAL
Nome pessoal Nunes, Glauber H. de S.
245 ## - TÍTULO PRINCIPAL
Título principal Nondestructive method for estimating the leaf area of sapodilla from linear leaf dimensions
500 ## - NOTA GERAL
Nota geral Publicação on-line; 27 ref.; 4 illus; Sumaries (En, Pt)
942 ## - ADDED ENTRY ELEMENTS (KOHA)
Koha item type Analítica
520 ## - NOTA DE RESUMO
Nota de conteúdo <br/><br/>ABSTRACT: The leaf area is a parameter of fundamental importance in studies on plant growth and physiology. The objective of this study was to build allometric equations for the accurate and fast estimation of sapodilla leaf areas. In total, 250 leaves of different shapes and sizes were collected from sapodilla matrices trees growing at the Universidade Federal Rural do Semi-Árido, Mossoró-RN, Brazil. For each leaf, the length, width, product of length and width (LW), product of length and length, product of width and width, and leaf area were measured. Linear and nonlinear models were used to construct the allometric equations. The best equations were chosen on the basis of the following criteria: the highest coefficient of determination, Pearson’s linear correlation coefficient, and Willmott’s index of agreement; and the lowest Akaike information criterion and root mean square error. It was verified that the models that used the LW value presented the best criteria for estimating the leaf area. Specifically, the equations ŷ = 0.664 × W1.018 and ŷ = 0.713 × LW, which use LW values, are the most suitable for estimating the leaf area of sapodilla quickly and accurately.<br/><br/>Key words: Manilkara zapota L., biometrics, regression models, Sapotaceae
520 ## - NOTA DE RESUMO
Nota de conteúdo <br/><br/>RESUMO: A área foliar é um parâmetro de fundamental importância para estudos relacionados ao crescimento e fisiologia vegetal. O objetivo do trabalho foi construir equações alométricas que permitam estimar com precisão e rapidez a área foliar do sapotizeiro. Foram coletadas 250 folhas de diferentes formas e tamanhos em árvores matrizes de sapotizeiro localizadas na Universidade Federal Rural do Semi-Árido, Mossoró-RN, Brazil. Em cada folha, foi mensurado o comprimento, largura, produto entre comprimento e largura (LW), produto entre comprimento e comprimento, produto entre largura e largura, e área foliar. Modelos lineares e não lineares foram utilizados para construção das equações alométricas. As melhores equações foram escolhidas com base nos seguintes critérios: maior coeficiente de determinação, coeficiente de correlação linear de Pearson e índice de concordância de Willmott, e menor critério de informação de Akaike e raiz do quadrado médio do erro. Diante disso, verificou-se que os modelos que<br/>utilizaram o produto entre comprimento e largura apresentaram os melhores critérios para estimar a área foliar do sapotizeiro. Buscando reduzir o tempo das análises e maior precisão dos dados, as equações ŷ = 0.664 × LW1.018 e ŷ = 0.713 × LW e utilizando LW são as mais indicadas para estimar a área foliar do sapotizeiro.<br/><br/>Palavras-chave: Manilkara zapota L., biometria, modelos de regressão, Sapotaceae
650 ## - ASSUNTO - THESAGRO
Cabeçalho tópico ou nome geográfico SAPOTI
650 ## - ASSUNTO - THESAGRO
Cabeçalho tópico ou nome geográfico BIOMETRIA
650 ## - ASSUNTO - THESAGRO
Cabeçalho tópico ou nome geográfico FRUTA TROPICAL
650 ## - ASSUNTO - THESAGRO
Cabeçalho tópico ou nome geográfico ÁREA FOLIAR
650 ## - ASSUNTO - THESAGRO
Cabeçalho tópico ou nome geográfico MORFOLOGIA VEGETAL
773 0# - ENTRADA ANALÍTICA
Host Biblionumber 3534
Registro do item 317831
Imprenta Campina Grande-PB Universidade Federal de Campina Grande. Centro de Ciências e Tecnologia 1997
Outro identificador 2024-4550
Título Revista Brasileira de Engenharia Agrícola e Ambiental (Brazil)
ISSN 1415-4366
Colação v. 27 (3) p. 209-215; (2023)
Número de controle de registro BR2025001486
856 ## - ACESSO E ENDEREÇO ELETRÔNICO
Identificador uniforme de recurso - URI https://www.scielo.br/j/rbeaa/a/8nwBcS6pHjrQmSRRYp8KCpD/?format=pdf&lang=en

Nenhum exemplar disponível.

BINAGRI

Telefone: (61)3218-2567/2388/3357/2097 - binagri@agro.gov.br

Ministério da Agricultura e Pecuária , Esplanada dos Ministérios, Bloco D, Anexo B, Brasília/DF, CEP: 70.043-900